| 000 | 00607nam a2200229Ia 4500 | ||
|---|---|---|---|
| 008 | 191130s2002##################000#0#eng## | ||
| 020 | _a9780316164931 | ||
| 022 | _a2002102889 | ||
| 040 |
_aACL _cACL |
||
| 082 | _a381.1702854678 COH | ||
| 100 | _aCohen, Adam | ||
| 245 |
_aThe perfect store : inside eBay _cAdam Cohen |
||
| 250 | _a1st ed | ||
| 260 |
_aBoston _bLittle, Brown and Co _cc2002 |
||
| 300 | _a332 p. ; 24 cm | ||
| 500 | _aIncludes index | ||
| 650 | _aeBay (Firm) | ||
| 650 | _aInternet auctions | ||
| 990 | _aa6eebde9ac10000c56c91a1bf3c22f2b | ||
| 991 | _a342031 | ||
| 999 |
_c63379 _d63379 |
||